Condition precedent (Record no. 70525)
[ view plain ]
| 000 -LEADER | |
|---|---|
| fixed length control field | 01183cam a2200217 4500 |
| 001 - CONTROL NUMBER | |
| control field | WB3822-21 |
| 008 - FIXED-LENGTH DATA ELEMENTS--GENERAL INFORMATION | |
| fixed length control field | 020620n2002 000 0 eng u |
| 035 ## - SYSTEM CONTROL NUMBER | |
| System control number | (Sirsi) u118470 |
| 245 ## - TITLE STATEMENT | |
| Title | Condition precedent |
| 260 ## - PUBLICATION, DISTRIBUTION, ETC. | |
| Date of publication, distribution, etc. | 2002 |
| 490 ## - SERIES STATEMENT | |
| Series statement | Estates Gazette |
| Volume/sequential designation | [2002] 24 EG 146 (CS) (15/6/02) |
| 520 ## - SUMMARY, ETC. | |
| Summary, etc. | "Hallam Land Management Ltd v UK Coal Mining Ltd and another" CA, 30 May 2002. First respondent vendor granted option to purchase land conditional upon making planning application for development of the property - a restored open-cast mining site. Appellant (H) wished to exercise option to purchase whilst the vendor maintained that this was not valid and transfered land to second repondent. H brought a claim for specific performance which the judge dismissed after finding there had been no planning application as required by the option agreement. The appeal was also dismissed. |
| 590 ## - LOCAL NOTE (RLIN) | |
| Local note | WB |
| 650 ## - SUBJECT ADDED ENTRY--TOPICAL TERM | |
| Topical term or geographic name entry element | HALLAM LAND MANAGEMENT LTD V UK COAL MINING LTD AND ANOTHER |
| 650 ## - SUBJECT ADDED ENTRY--TOPICAL TERM | |
| Topical term or geographic name entry element | OPTION AGREEMENT |
| 650 ## - SUBJECT ADDED ENTRY--TOPICAL TERM | |
| Topical term or geographic name entry element | OPTION TO PURCHASE |
| 650 ## - SUBJECT ADDED ENTRY--TOPICAL TERM | |
| Topical term or geographic name entry element | PLANNING APPLICATIONS |
| 650 ## - SUBJECT ADDED ENTRY--TOPICAL TERM | |
| Topical term or geographic name entry element | OPEN CAST MINING |
| 690 ## - LOCAL SUBJECT ADDED ENTRY--TOPICAL TERM (OCLC, RLIN) | |
| Topical term or geographic name as entry element | PROPERTY AND LAND LAW-CASE LAW |
| 942 ## - ADDED ENTRY ELEMENTS (KOHA) | |
| Suppress in OPAC | 0 |
| Withdrawn status | Lost status | Source of classification or shelving scheme | Damaged status | Not for loan | Home library | Current library | Shelving location | Date acquired | Total Checkouts | Full call number | Barcode | Date last seen | Copy number | Price effective from | Koha item type |
|---|---|---|---|---|---|---|---|---|---|---|---|---|---|---|---|
| Dewey Decimal Classification | London | London | News article | 20/06/2002 | WB3822-21 | 118470-1001 | 06/08/2019 | 1 | 06/08/2019 | Law report |